Obálka Náhled e-knihy:
PDF Epub
Pro půjčování e-knih musíte být přihlášeni.
Jak si půjčit online?

Tajemný hříšník. Nezkrotný /

Pokračování milostně-erotické série o dvojicích Dannym Blackovi a Rose, Jamesi a Beau, kteří chtějí uniknout ze světa zločinu a žít v bezpečí.

Uloženo v:
Série:Tajemný hříšník, část 4
Hlavní autor: Malpas, Jodi Ellen, 1980- (Autor)
Další autoři: Karavarakis, Michaela, 1979- (Autor)
Médium: E-kniha
Jazyk:Czech
Vydáno: V Praze : XYZ, 2024
Vydání:Vydání první
Témata:
Příbuzné jednotky:Z cyklu:: Tajemný hříšník
Tagy:
Žádné tagy
LEADER 02599nam a2200457 i 4500
001 312480
003 CZ PrSKC
005 20260601215723.0
007 ta
008 240812s2024 xr e 000 f cze
015 |a cnb003626429 
020 |a 9788076835931  |q (vázáno) :  |c Kč 499,00 
035 |a (OCoLC)1455302534 
040 |a BOA001  |b cze  |d ABA001  |e rda 
041 1 |a cze  |h eng 
072 7 |a 821.111-3  |x Anglická próza, anglicky psaná  |2 Konspekt 
080 |a 821.111-31  |2 MRF 
080 |a (0:82-993)  |2 MRF 
100 1 |a Malpas, Jodi Ellen,  |d 1980-  |7 ola2014847328  |4 aut 
240 1 0 |a Rising.  |l Česky 
245 1 0 |a Tajemný hříšník.  |p Nezkrotný /  |c Jodi Ellen Malpasová ; z anglického originálu The rising ... přeložila Michaela Kovářová 
246 3 0 |a Nezkrotný 
250 |a Vydání první 
264 1 |a V Praze :  |b XYZ,  |c 2024 
300 |a 620 stran ;  |c 21 cm 
336 |a text  |b txt  |2 rdacontent 
337 |a bez média  |b n  |2 rdamedia 
338 |a svazek  |b nc  |2 rdacarrier 
520 2 |a Pokračování milostně-erotické série o dvojicích Dannym Blackovi a Rose, Jamesi a Beau, kteří chtějí uniknout ze světa zločinu a žít v bezpečí.  |b Když Danny Black a James Kelly spojí síly, aby vypátrali společného nepřítele, vědí, že vstupují do vražedné hry. Pokud někdy chtějí se svými ženami žít v míru a daleko od zločinu, musí ji vyhrát. Jenže destrukce a smrt jim jdou v patách. Aby přežili, nemohou opustit svět temnoty. Musí ho chránit za každou cenu. Musí zabíjet bezohledněji, milovat vášnivěji a nenávidět víc než kdy dřív. Jsou toho schopni. Jsou připraveni. Ale nic je nepřipraví na tajemství, která odhalí, a na zrady, kterým budou čelit. Nakladatelská anotace. 
655 7 |a anglické romány  |7 fd131814  |2 czenas 
655 7 |a erotické romány  |7 fd132211  |2 czenas 
655 9 |a English fiction  |2 eczenas 
655 9 |a erotic novels  |2 eczenas 
700 1 |a Karavarakis, Michaela,  |d 1979-  |7 xx0263050  |4 trl 
787 0 8 |i Z cyklu:  |t Tajemný hříšník  |g 4 
900 |a ABA001  |b 21 
928 9 |a Albatros Media - XYZ 
044 |a xr 
910 |a RBIT002 
998 |d 410040  |a https://core.palmknihy.cz/api/books/410040/cover?si6owe  |b https://core.palmknihy.cz/api/books/410040/cover/400?si6owe  |c https://core.palmknihy.cz/api/books/410040/cover/50?si6owe  |e 2028-06-16  |g 624  |i 9788076835931  |j https://core.palmknihy.cz/api/books/410040/preview.epub  |k https://core.palmknihy.cz/api/books/410040/preview.pdf  |l   |q 49  |r 1  |s https://www.palmknihy.cz/kniha/410040  |t ebook  |y 2024  |z 0  |v Tajemný hříšník  |w 4 
999 |d 312478